000 00575nam a22002297a 4500
001 86589
003 UA-OsUOA
005 20211105211324.0
007 ta
008 20120906b un ||||| |||| 00| 0 ukr d
040 _aUA-OsUOA
_brus
_cUA-OsUOA
_dUA-OsUOA
041 _arus
080 _a94(470+571)
090 _a94(470+571)
_bО-66
100 _aОрлов В.
245 _aРСФСР - первая в семье равных
260 _aМ.
_bПолитиздат
_c1951
300 _a69 с.
650 7 _a94 Історія
_2UDC
942 _cBK
_2udc
955 _a5
999 _c372757
_d372757